Learning Resource and Development

Tour and travel management / (Record no. 27829)

MARC details
000 -LEADER
fixed length control field 01500nam a2200289 i 4500
003 - CONTROL NUMBER IDENTIFIER
control field CSPC
005 - DATE AND TIME OF LATEST TRANSACTION
control field 20240718153623.0
008 - FIXED-LENGTH DATA ELEMENTS--GENERAL INFORMATION
fixed length control field 240718s2022 ph ab b 000 0 eng d
020 ## - INTERNATIONAL STANDARD BOOK NUMBER
International Standard Book Number 9786218179226
040 ## - CATALOGING SOURCE
Transcribing agency CSPC
Original cataloging agency CSPC
Language of cataloging eng
Description conventions rda
082 04 - DEWEY DECIMAL CLASSIFICATION NUMBER
Classification number 338.47
Item number P750t
100 1# - MAIN ENTRY--PERSONAL NAME
Personal name Po, Sarah Monzon-,
Relator term author.
245 10 - TITLE STATEMENT
Title Tour and travel management /
Statement of responsibility, etc. Sarah Monzon-Po.
260 ## - PUBLICATION, DISTRIBUTION, ETC.
Place of publication, distribution, etc. Manila :
Name of publisher, distributor, etc. Edric Publishing House,
Date of publication, distribution, etc. 2022.
300 ## - PHYSICAL DESCRIPTION
Extent 136 pages :
Other physical details illustrations ;
Dimensions 24 cm.
336 ## - CONTENT TYPE
Source rdacontent
Content type term text
337 ## - MEDIA TYPE
Source rdamedia
Media type term unmediated
338 ## - CARRIER TYPE
Source rdacarrier
Carrier type term volume
504 ## - BIBLIOGRAPHY, ETC. NOTE
Bibliography, etc. note Includes bibliographical references.
505 0# - FORMATTED CONTENTS NOTE
Formatted contents note Philippine tourism industry -- Introduction to travel and tourism business -- Setting up a travel agency -- Operations of travel agents -- Travel documentations -- Transport network -- Itinerary planning -- Tour packaging and programming -- Tour formulation and designing process -- Package tour costing -- Marketing, promoting and selling travel & tour products and services -- Philippine tourism industry -- Actual package tour costing, itinerary planning and tour packaging -- Travel agency profiling and sales kit -- Travel agency business plan.
650 #0 - SUBJECT ADDED ENTRY--TOPICAL TERM
Topical term or geographic name entry element Travel management
650 #0 - SUBJECT ADDED ENTRY--TOPICAL TERM
Topical term or geographic name entry element Travel agents
650 #0 - SUBJECT ADDED ENTRY--TOPICAL TERM
Topical term or geographic name entry element Travel
650 #0 - SUBJECT ADDED ENTRY--TOPICAL TERM
Topical term or geographic name entry element Tourism industry
Geographic subdivision Philippine
942 ## - ADDED ENTRY ELEMENTS (KOHA)
Source of classification or shelving scheme Dewey Decimal Classification
Suppress in OPAC No
Koha item type Books
Classification part 338.47
Item part P750t
Call number prefix FIL
Call number suffix 2022
Holdings
Withdrawn status Lost status Source of classification or shelving scheme Damaged status Not for loan Home library Current library Shelving location Date acquired Total Checkouts Full call number Barcode Date last seen Copy number Price effective from Koha item type
    Dewey Decimal Classification     Main Library Main Library Filipiniana Section 07/18/2024   FIL 338.47 P750t 2022 027971 07/18/2024 1-3 07/18/2024 Books
    Dewey Decimal Classification     Main Library Main Library Filipiniana Section 07/18/2024   FIL 338.47 P750t 2022 027972 07/18/2024 2-3 07/18/2024 Books
    Dewey Decimal Classification     Main Library Main Library Filipiniana Section 07/18/2024   FIL 338.47 P750t 2022 027973 07/18/2024 3-3 07/18/2024 Books